Les Revenants ; (Registro nro. 85945)

Detalles MARC
000 -ENCABEZADO
Número de control [NR] 01716nam a22003137a 4500
005 - FECHA Y HORA DE LA ÚLTIMA TRANSACCIÓN
control field 20260511123808.0
008 - DE LONGITUD FIJA DE DATOS DE ELEMENTOS - INFORMACIÓN GENERAL
Elementos de longitud fija [NR] 130821s1936 fr fr d fre
040 ## - FUENTE DE CATALOGACION [NR]
Agencia de catalogación original [NR] Co-BoUCM
Idioma de catalogación [NR] spa
Quien Cataloga Sandra Yazo (modificó)
Quien Clasifica Sandra Yazo (modificó)
041 1# - CODIGO DE IDIOMA [R]
Código de idioma para texto/pista de sonido o título separado [R] Francés
082 ## - NUMERO DE CLASIFICACION DECIMAL DEWEY [R]
Número de clasificación [R] FCS 792.1
Número del ítem [NR] I17
Número de la edición [NR] 1936
100 1# - ASIENTO PRINCIPAL--NOMBRE PERSONAL [NR]
Nombre personal [NR] Ibsen, Henrik
Fechas asociadas con el nombre [NR] 1828-1906
ID Autoridad 119654
242 00 - TRADUCCION DEL TITULO POR LA AGENCIA CATALOGADORA [R]
Título [NR] Los aparecidos ;
Parte restante del título [NR] Casa de muñecas
Mención de responsabilidad, etc. [NR] Henrik Ibsen ; traducido por M. Prozor ... precacio de Eduardo Rod
Código de idioma del título traducido [NR] spa
245 04 - MENCION DE TITULO [NR]
Título [NR] Les Revenants ;
Parte restante del título [NR] Maison de Poupée
Mención de responsabilidad, etc. [NR] Henrik Ibsen ; traduits par M. Prozor ... preface d'Edouard Rod
250 ## - MENCION DE EDICION [NR]
Mención de edición [NR] Quarante-Deuxième édition [Cuadragésima segunda edición]
260 ## - PUBLICACION, DISTRIBUCION, ETC. (PIE DE IMPRENTA) [R]
Lugar de publicación, distribución, etc. [R] París (Francia)
Nombre del editor, distribuidor, etc. [R] Librairie Académique Perrin [Librería académica Perrin]
Fecha de publicación, distribución, etc. [R] 1936
300 ## - DESCRIPCION FISICA [R]
Extensión [R] xxvii, 281 páginas
Dimensiones [R] 19 x 12 cm
500 ## - NOTA GENERAL [R]
Nota general [NR] Detalles físicos: Encuadernación flexible. Anteportada. Portada impresa en una sola tinta. Texto impreso en una sola columna, margenes amplios. Papel con oxidación en bordes, hojas sin refilar. Ejemplar en buen estado de conservación. Transferencia al Archivo Histórico en el año 2025<br/>
500 ## - NOTA GENERAL [R]
Nota general [NR] Fondo Castro Silva
505 ## - NOTA DE CONTENIDO CON FORMATO PREESTABLECIDO [R]
Nota de contenido con formato preestablecido [NR] Prefacio de Edouard Rod ; Nota sobre fantasmas ; Fantasmas ; Casa de muñecas, un drama ; Nota sobre Casa de muñecas; Casa de muñecas
506 ## - NOTA DE RESTRICCIONES DE ACCESO [R]
Condiciones de acceso [NR] Consulta en sala
546 ## - NOTA DE IDIOMA [R]
Nota de idioma [NR] Texto en francés
650 04 - ASIENTO SECUNDARIO DE MATERIA - TERMINO TEMATICO [R]
Término temático o nombre geográfico como elemento de entrada [NR] Drama noruego
9 (RLIN) 13580
650 04 - ASIENTO SECUNDARIO DE MATERIA - TERMINO TEMATICO [R]
Término temático o nombre geográfico como elemento de entrada [NR] Literatura noruega
9 (RLIN) 18715
650 04 - ASIENTO SECUNDARIO DE MATERIA - TERMINO TEMATICO [R]
Término temático o nombre geográfico como elemento de entrada [NR] Fantasmas en la literatura
9 (RLIN) 189162
650 04 - ASIENTO SECUNDARIO DE MATERIA - TERMINO TEMATICO [R]
Término temático o nombre geográfico como elemento de entrada [NR] Mujeres en la literatura
9 (RLIN) 19920
700 1# - ASIENTO SECUNDARIO - NOMBRE PERSONAL [R]
Nombre personal [NR] Prozor, Maurice
Fechas asociadas con el nombre [NR] 1848-1928
Término de relación [R] traductor
9 (RLIN) 189163
700 1# - ASIENTO SECUNDARIO - NOMBRE PERSONAL [R]
Nombre personal [NR] Rod, Édouard
Fechas asociadas con el nombre [NR] 1857-1910
9 (RLIN) 189126
942 ## - ELEMENTOS DE ENTRADA AGREGADOS (KOHA)
Tipo de ítem principal el descrito en 300a Libro
Tema principal 11
Edición 42
Parte restante de la signatura top. I17
Título oculto en OPAC No
Sistema de clasificación DEWEY
Clasificación 792.1
Existencias
Suprimido Perdido Sistema de clasificación Dañado No prestable Tipo de ítem específico Ubicación habitual Ubicación actual Localización Fecha de creación Forma de adquisición Costo Volúmen / Fascículo Total préstamos Signatura topográfica Código de barras Última vez visto Ejemplar Price effective from Tipo de ítem Nota pública (OPAC)
    DEWEY     Fondos especiales Archivo Histórico Archivo Histórico Archivo histórico 28/02/2003 Donación 1000.00 1936   FCS 792.1 I17 120001425 09/07/2012 Ej.1 03/02/2013 Libro FCS C2